LEADER 01254nam a2200289 a 4500 001 000000170771 003 CaOOAMICUS 005 20181128103541.0 008 181128s1961 xxu 000 u eng r 032 $aLibriCat 040 $aPul$bita 082 00$a501 100 1 $aMelsen, Andreas Gerardus Maria van.$0(OLS)http://pul/name/59190 245 10$aScience and technology /$cby Andrew G. van Melsen . 260 $aPittsburgh :$bDuquesne University Press ;$aLouvain :$bNauwelaerts,$c©1961. 300 $aIX, 373 p. ; $c26 cm. 490 1 $aDuquesne Studies. Philosophical series ;$v13 650 4$aTecnologia$xStudi.$0(OLS)http://pul/subject/1954 830 0$aDuquesne studies.$pPhilosophical series ;$v13.$0(OLS)http://pul/title/88033 850 $aPUL 852 $aPUL$W1$xDP2 Cons. Gen., Altre Classi 3$y97$m501 MELAN 1$j193905$qDDC 21$B199273$CPULBib$Z2$F199273 $H131764 $81 941 1 $a9 996 $6082$a501$9(OLS)http://pul/classification/520 996 $6245$aScience and technology$9(OLS)http://pul/title/211598 996 $6260$aPittsburgh :$bDuquesne University Press$9(OLS)http://pul/publisher/69901 996 $6260$aLouvain :$bNauwelaerts$9(OLS)http://pul/publisher/48172 LEADER 01183nam a2200277 u 4500 001 000000073798 003 CaOOAMICUS 005 20150706132804.0 008 021113s2002 it u000 u ita u 020 $a8826314578 035 $a10944528 040 $aIPA$bita 100 1 $aCiola, Nicola,$csacerdote,$d1952-$0(OLS)http://pul/name/1596 245 10$aCristologia e Trinitą /$cNicola Ciola. 260 $aRoma :$bBorla,$c2002. 300 $a254 p.$c21 cm 500 $a"Vengono raccolti in un unico volume studi di una certa omogeneitą da me gią in parte pubblicati in questi ultimi anni" (p. 4) 650 4$aTeologia.$0(OLS)http://pul/subject/118 850 $aPUL 852 $aPUL$W1$xSL Religione 1$y3$m65 E 125$j95327$nBK-PRI$b $qStampati$B95327$CPULBib$Z2$F95327 $HPUL95827 $81 852 $aPUL$W1$xDP1 Fondo S. Lanza$y121$m3 F 75$j166929$qFondi$B167518$CPULBib$Z2$F167518 $HLAN295 $82 941 1 $a8 941 1 $a1 996 $6020$a8826314578$9(OLS)http://pul/number/95299 996 $6245$aCristologia e Trinitą$9(OLS)http://pul/title/96982 996 $6260$aRoma :$bBorla$9(OLS)http://pul/publisher/48061